000
00335cam a2200145ua 4500
041
_a
eng
_h
082
_a
822
_b
IBS/IB
100
_a
Ibsen, .
245
_a
Ibsen, Vol 5 /
_c
Ibsen.
_h
Textual Documents
260
_a
London :
_b
Oxford University Press ,
_c
1961.
300
_a
500 ; .
504
_a
942
_c
BK
999
_c
484
_d
484